000
00286nam a2200121 a 4500
008
101213s1958|||| d
245
1
0
_a
Náuka o dirigovaní
_n
2
100
1
_a
Chvalovský, Karol
260
_b
SDĽUT
_a
Bratislava
_c
1958
020
_c
10
044
_a
xo
_c
SK
041
_a
slo
999
_c
15179
_d
15179